000 00563nam a2200229Ia 4500
003 OSt
005 20220923214435.0
006 a|||||r|||| 00| 0
007 ta
008 220922b |||||||| |||| 00| 0 hin d
024 _a169,558
037 _cTextual
040 _aARTS
_cARTS
_bhin
041 _2hin
_ahin
082 _aO152:3M90:158, L2
100 _aगुरूदत
245 0 _aसंगम
246 _aSangama
260 _c1972
942 _hO152:3M90:158, L2
_cTEXL
_2CC
999 _c323979
_d323979